| 000 | 00664nam a22002177a 4500 | ||
|---|---|---|---|
| 005 | 20260223152513.0 | ||
| 008 | 260223b |||||||| |||| 00| 0 eng d | ||
| 020 |
_a978-1-108-81674-8 _cRs.4547.20 |
||
| 040 | _aLoreto College | ||
| 041 | _aEnglish | ||
| 082 |
_a614.1 _bBRO |
||
| 245 |
_aThe Cambridge handbook of forensic psychology _cEdited by Jennifer M Brown and Miranda A.H. Horvath |
||
| 250 | _a2nd ed. | ||
| 260 |
_aCambridge _bCambridge University Press _c2022 |
||
| 300 | _axviii,924p.;24cm. | ||
| 504 | _aIncludes index | ||
| 650 | _aPsychology | ||
| 650 | _aForensic psychology | ||
| 850 |
_aLCLIB _bPsychology PG |
||
| 942 | _cBK | ||
| 999 |
_c44243 _d94722 |
||